000 00364nam a22001337a 4500
020 _a978-93-5618-539-5
082 _a574
_bCUE/B
100 _aRACHNA SAGAR
245 _aCUET UG-2023
_bBIOLOGY, BIOLOGICAL STUDIES, BIOTECHNOLOGY, BIOCHEMISTRY
260 _aNEW DELHI
_bRACHNA SAGAR PVT. LTD
_c2023
300 _a188
520 _aREFERENCE- HOME SCIENCE
942 _cBK
999 _c7784
_d7784